LDR 00923naa#a2200181#i#450# 001 RU\\bibl\126718 005 20260630054222.2 011 ## _a2223-9987 100 ## _a20260629b2026####ek#y0rusy0150####ca 102 ## _aRU 200 1# _aИнтеллектуализация технологий динамического мониторинга подвижного состава железных дорог Китая _eЖурнальная статья 210 1# _aСанкт-Петербург _cФГБОУ ВО "Петербургский государственный университет путей сообщения Императора Александра I" _d2026 215 ## _a15 с. 608 ## _aЖурнальная статья _2local 675 ## _aЭлектроподвижной состав. 629.423 _z 700 #1 _aШэнь _gЦзеи 700 #1 _aЦаплин _gАлексей Евгеньевич 856 4# _aatjournal.ru _u